000 00383 a2200145 4500
999 _c2572
_d2572
020 _a9781481761970
050 _aHD53VUD2013
100 _aVhudzijena, Ashbel
_eauthor
245 _aSelf- disengagement /
_cAshbel Vudzijena,
264 _aBloomington
_bAuthorHouse
_c2013
300 _a90p:
500 _ainclude acknowledgments
650 _aMotivation
942 _2lcc
_cBK
_h53
_iVUD
_kHD